Vocabulaire technique et critique de la philosophie / (Record no. 88464)

MARC details
000 -LEADER
campo de control de longitud fija 00627nam a2200193 i 4500
001 - NÚMERO DE CONTROL
campo de control 88464
003 - IDENTIFICADOR DE NÚMERO DE CONTROL
campo de control ES-MaACL
005 - FECHA Y HORA DE LA ÚLTIMA TRANSACCIÓN
campo de control 20230906175851.0
007 - CAMPO FIJO DE DESCRIPCIÓN FÍSICA--INFORMACIÓN GENERAL
campo de control de longitud fija t|
008 - DATOS DE LONGITUD FIJA--INFORMACIÓN GENERAL
campo de control de longitud fija 050104s1932 fr ||||1| fre d
100 1# - ENTRADA PRINCIPAL--NOMBRE DE PERSONA
Nombre de persona Lalande, André.
9 (RLIN) 69725
245 10 - MENCIÓN DEL TÍTULO
Título Vocabulaire technique et critique de la philosophie /
Mención de responsabilidad, etc. André Lalande.
250 ## - MENCION DE EDICION
Mención de edición 4eme ed. notablemet augmentée.
260 ## - PUBLICACIÓN, DISTRIBUCIÓN, ETC.
Lugar de publicación, distribución, etc. París :
Nombre del editor, distribuidor, etc. Félix Alcan,
Fecha de publicación, distribución, etc. 1932 (
Fabricante Brodard et Taupin)
300 ## - DESCRIPCIÓN FÍSICA
Extensión 3 v. ;
Dimensiones 25 cm.
594 ## - Nota al título y mención de responsabilidad
Nota al título y mención de responsabilidad Precede al tít.: Société Française de Philosophie.
650 04 - PUNTO DE ACCESO ADICIONAL DE MATERIA--TÉRMINO DE MATERIA
Término de materia o nombre geográfico como elemento de entrada Filosofía-
Subdivisión general Terminología.
9 (RLIN) 12827
852 ## - LOCALIZACIÓN
Ubicación ES-MaACL
Número de control de estantería A-1019-21
Holdings
Estatus retirado Estado de pérdida Estado de daño No para préstamo Biblioteca de origen Biblioteca actual Ubicación en estantería Fecha de adquisición Fuente de adquisición Total de préstamos Signatura topográfica completa Código de barras Visto por última vez Precio de reemplazo Tipo de ítem Koha
        Biblioteca del Ateneo de Madrid Biblioteca del Ateneo de Madrid Depósito 1 17/01/2008     A-1019-21 1092408 23/02/2023 23/02/2023 Libro impreso